[Event "Osen I"]
[Site "Alushta"]
[Date "2003.09.18"]
[Round "5"]
[White "Drozdovskij, Yuri"]
[Black "Shtyrenkov, Veniamen"]
[Result "1/2-1/2"]
[WhiteElo "2458"]
[BlackElo "2514"]
[PlyCount "40"]
[EventDate "2003.09.15"]
[Source "Roberto Alvarez"]
[SourceDate "2003.10.06"]

1. d4 e6 2. c4 f5 3. Nf3 Nf6 4. g3 Be7 5. Bg2 d6 6. O-O O-O 7. b3 Ne4 8. Bb2 Bf6 9. Nc3 Nxc3 10. Bxc3 Nc6 11. Qc2 e5 12. e3 Qe8 13. Qb2 Bd7 14. Rfe1 Qe7 15. b4 e4 16. Nd2 Be8 17. b5 Nd8 18. a4 Bh5 19. a5 Nf7 20. b6 c6 1/2-1/2

[Event "XXIII Open"]
[Site "Cappelle la Grande FRA"]
[Date "2007.03.03"]
[Round "1"]
[White "Jedynak, R."]
[Black "Zude, E."]
[Result "1-0"]
[WhiteElo "2554"]
[BlackElo "2411"]
[PlyCount "73"]
[EventDate "2007.03.03"]
[Source "www.chesslib.no"]
[SourceDate "2004.05.04"]

1. d4 e6 2. c4 f5 3. g3 Nf6 4. Bg2 Be7 5. Nf3 d6 6. O-O O-O 7. b3 a5 8. Nc3 Ne4 9. Bb2 Nc6 10. Qc2 Nxc3 11. Bxc3 Bf6 12. d5 Nb4 13. Qd2 e5 14. a3 Na6 15. b4 b6 16. Rab1 axb4 17. axb4 Qe8 18. Ra1 Rb8 19. Ra2 b5 20. Rfa1 Rb6 21. cxb5 Qxb5 22. Ra5 Qc4 23. R1a4 Rb5 24. Rxb5 Qxb5 25. Ra5 Qc4 26. Bf1 Nb8 27. e3 Qe4 28. Ne1 Qg4 29. Ra7 g5 30. Rxc7 f4 31. f3 Qh5 32. Bd3 Bd7 33. g4 Qe8 34. b5 h5 35. h3 hxg4 36. hxg4 Bd8 37. Rb7 1-0

[Event "Hungary HUN"]
[Site "?"]
[Date "2006.01.22"]
[Round "6"]
[White "Berczes David"]
[Black "Sikula Vaszilij"]
[Result "1/2-1/2"]
[WhiteElo "2472"]
[BlackElo "2490"]
[PlyCount "64"]
[EventDate "2006.??.??"]
[Source "www.chesslib.no"]
[SourceDate "2004.05.04"]

1. d4 f5 2. g3 Nf6 3. Bg2 e6 4. c4 Be7 5. Nf3 d6 6. O-O O-O 7. Nc3 Ne4 8. Qc2 Nxc3 9. Qxc3 a5 10. Qc2 Bf6 11. Rd1 Qe8 12. e4 e5 13. dxe5 dxe5 14. exf5 Qh5 15. Qe4 Bxf5 16. Qxb7 Na6 17. Be3 Nb4 18. Ne1 e4 19. a3 Rab8 20. Qxc7 Nd3 21. Qxa5 Nxb2 22. Rd5 Nxc4 23. Rxf5 Nxa5 24. Rxh5 Bxa1 25. Bxe4 Bc3 26. Bxh7+ Kf7 27. Nd3 Nc4 28. Rc5 Rfc8 29. Rxc8 Rxc8 30. Bf5 Rd8 31. Nf4 Nxe3 32. fxe3 Ra8 1/2-1/2

[Event "ECC, Panormo GRE"]
[Site "?"]
[Date "2001.??.??"]
[Round "2"]
[White "Stefansson, H."]
[Black "Heidenfeld, M."]
[Result "1-0"]
[WhiteElo "2585"]
[BlackElo "2375"]
[PlyCount "65"]
[EventDate "2001.??.??"]
[Source "www.chesslib.no"]
[SourceDate "2004.05.04"]

1. d4 e6 2. c4 f5 3. g3 Nf6 4. Bg2 d6 5. Nf3 Be7 6. O-O O-O 7. b4 Ne4 8. Bb2 Bf6 9. Nbd2 Qe7 10. Nxe4 fxe4 11. Nd2 d5 12. Qb3 c6 13. b5 Qf7 14. f3 dxc4 15. Nxc4 Qd7 16. bxc6 Nxc6 17. e3 b5 18. Nd2 exf3 19. Bxf3 Rb8 20. Rac1 Rb6 21. Ne4 Na5 22. Nxf6+ gxf6 23. Qc3 Nc4 24. Ba3 Nxa3 25. Qxa3 Ra6 26. Qb3 Bb7 27. Bxb7 Qxb7 28. Rc5 b4 29. Qc4 Rb6 30. Rf4 Qa6 31. Qc2 f5 32. Rc7 Qa3 33. Rg4+ 1-0

[Event "WCh-Team U-26, Roque"]
[Site "?"]
[Date "1997.??.??"]
[Round "3"]
[White "Irzhanov Ruslan"]
[Black "Langier Daniel"]
[Result "1-0"]
[WhiteElo "2550"]
[BlackElo "2410"]
[PlyCount "59"]
[EventDate "1997.??.??"]
[Source "www.chesslib.no"]
[SourceDate "2004.05.04"]

1. d4 f5 2. Nf3 Nf6 3. g3 e6 4. Bg2 Be7 5. O-O O-O 6. c4 d6 7. Nc3 Ne4 8. Qc2 Nxc3 9. Qxc3 Bf6 10. b4 Qe7 11. Bb2 g5 12. Qb3 g4 13. Ne1 Nc6 14. e3 Nd8 15. f4 gxf3 16. Nxf3 e5 17. dxe5 dxe5 18. e4 fxe4 19. Nd2 Bg7 20. Nxe4 Rxf1+ 21. Rxf1 Ne6 22. c5 Kh8 23. Qd5 h5 24. Qd7 Kh7 25. Qxc8 Nf8 26. Qg4 Rd8 27. Bxe5 Qe6 28. Rf6 Qd6 29. Rxf8 Bxe5 30. Qf3 1-0

[Event "WCh-Team U-26, Roque"]
[Site "?"]
[Date "1997.??.??"]
[Round "3"]
[White "Irzhanov Ruslan"]
[Black "Langier Daniel"]
[Result "1-0"]
[WhiteElo "2550"]
[BlackElo "2410"]
[PlyCount "59"]
[EventDate "1997.??.??"]
[Source "www.chesslib.no"]
[SourceDate "2004.05.04"]

1. d4 f5 2. Nf3 Nf6 3. g3 e6 4. Bg2 Be7 5. O-O O-O 6. c4 d6 7. Nc3 Ne4 8. Qc2 Nxc3 9. Qxc3 Bf6 10. b4 Qe7 11. Bb2 g5 12. Qb3 g4 13. Ne1 Nc6 14. e3 Nd8 15. f4 gxf3 16. Nxf3 e5 17. dxe5 dxe5 18. e4 fxe4 19. Nd2 Bg7 20. Nxe4 Qh4 21. a4 Bg4 22. Qd3 Bh6 23. Ba3 Be2 24. Qd6 c5 25. Qb8 Bg4 26. Qxa8 cxb4 27. Bc1 Be6 28. Rf4 Qf6 29. Rf5 Bd2 30. Kf2 1-0

[Event "Tch (Men) 2005/2006 JOR"]
[Site "?"]
[Date "2006.05.??"]
[Round "8"]
[White "Kobalija Mihail"]
[Black "Hamad Ahmad"]
[Result "1-0"]
[WhiteElo "2654"]
[BlackElo "2286"]
[PlyCount "45"]
[EventDate "2006.??.??"]
[Source "www.chesslib.no"]
[SourceDate "2004.05.04"]

1. Nf3 e6 2. d4 f5 3. c4 Nf6 4. g3 Be7 5. Bg2 O-O 6. O-O d6 7. b4 Qe8 8. Bb2 Nbd7 9. Nc3 Ne4 10. Nxe4 fxe4 11. Nd2 d5 12. Qb3 Qf7 13. b5 Bg5 14. e3 Nf6 15. f3 exf3 16. Nxf3 dxc4 17. Nxg5 Qg6 18. Qxc4 Qxg5 19. Qxc7 Bd7 20. Qe5 Qh6 21. h3 Nd5 22. Bxd5 exd5 23. Qxd5+ 1-0

[Event "Kusadasi TUR"]
[Site "?"]
[Date "2006.04.14"]
[Round "10"]
[White "Jankovic Alojzije"]
[Black "Williams Simon Kim"]
[Result "1/2-1/2"]
[WhiteElo "2485"]
[BlackElo "2452"]
[PlyCount "21"]
[EventDate "2006.??.??"]
[Source "www.chesslib.no"]
[SourceDate "2004.05.04"]

1. d4 f5 2. Nf3 e6 3. g3 Nf6 4. Bg2 Be7 5. O-O O-O 6. c4 d6 7. Nc3 Ne4 8. Nxe4 fxe4 9. Nd2 d5 10. f3 Nc6 11. fxe4 1/2-1/2

[Event "KB Czech Open"]
[Site "Pardubice"]
[Date "2003.07.22"]
[Round "5"]
[White "Wirig, Anthony"]
[Black "Shtyrenkov, Veniamen"]
[Result "1/2-1/2"]
[WhiteElo "2422"]
[BlackElo "2514"]
[PlyCount "68"]
[EventDate "2003.07.18"]
[Source "Roberto Alvarez"]
[SourceDate "2003.07.21"]

1. d4 e6 2. g3 f5 3. Bg2 Nf6 4. Nf3 Be7 5. c4 d6 6. O-O O-O 7. Qc2 a5 8. Nc3 Nc6 9. a3 e5 10. dxe5 dxe5 11. Rd1 Qe8 12. Nd5 Bd8 13. Bg5 Rf7 14. b4 e4 15. Bxf6 Bxf6 16. Nxf6+ Rxf6 17. Nd4 Nxd4 18. Rxd4 axb4 19. Rad1 Qe7 20. axb4 Qxb4 21. c5 Qb5 22. f3 Be6 23. Rb1 Qa5 24. fxe4 Rf7 25. e5 c6 26. Rd6 Re8 27. Rf1 Qa2 28. Qxa2 Bxa2 29. Rd2 Bc4 30. Rf4 Ba6 31. e4 g5 32. Rxf5 Rxf5 33. exf5 Rxe5 34. g4 Rxc5 1/2-1/2

[Event "XVII Torre Memorial"]
[Site "?"]
[Date "2004.12.15"]
[Round "4"]
[White "Nogueiras Jesus"]
[Black "Blanco Fernandez Alvaro"]
[Result "1-0"]
[WhiteElo "2546"]
[BlackElo "2390"]
[PlyCount "73"]
[EventDate "2004.??.??"]
[Source "www.chesslib.no"]
[SourceDate "2004.05.04"]

1. d4 e6 2. Nf3 f5 3. c4 Nf6 4. Nc3 Be7 5. g3 O-O 6. Bg2 d6 7. O-O Ne4 8. Nxe4 fxe4 9. Ne1 d5 10. Be3 Nc6 11. Rc1 e5 12. Nc2 Bf5 13. cxd5 Qxd5 14. dxe5 Qxa2 15. Nd4 Nxd4 16. Bxd4 Rfc8 17. b3 Qa6 18. b4 Qe6 19. Qd2 b6 20. Qe3 Qg6 21. b5 a6 22. Rc6 Qf7 23. Bxe4 axb5 24. Rxc7 Rxc7 25. Bxa8 Bc5 26. Be4 Bh3 27. Ra1 Rc8 28. Qd3 Qc7 29. f4 Kh8 30. e3 b4 31. f5 Bxd4 32. exd4 Qc3 33. Qxc3 bxc3 34. d5 Kg8 35. d6 g6 36. e6 Kf8 37. e7+ 1-0

[Event "Apsap IM"]
[Site "Paris"]
[Date "1994.??.??"]
[Round "5"]
[White "Arkell, Keith C"]
[Black "Roos, Jean Luc"]
[Result "0-1"]
[WhiteElo "2500"]
[BlackElo "2435"]
[PlyCount "86"]
[EventDate "1994.??.??"]
[Source "www.chesslib.no"]
[SourceDate "2004.05.04"]

1. d4 e6 2. c4 f5 3. g3 Nf6 4. Bg2 Be7 5. Nf3 O-O 6. O-O d6 7. Nc3 a5 8. Re1 Ne4 9. Qc2 Nc6 10. a3 Nxc3 11. Qxc3 Bf6 12. Be3 a4 13. Red1 Qe7 14. Qc2 e5 15. d5 Na5 16. Qxa4 f4 17. gxf4 exf4 18. Bd4 Qxe2 19. Bxf6 Rxf6 20. Re1 Qxc4 21. Qxc4 Nxc4 22. Rac1 Nxb2 23. Rxc7 Bf5 24. Nd4 Bg6 25. Ree7 Nd3 26. Rxg7+ Kh8 27. Ne6 f3 28. Bf1 Nf4 29. Nxf4 Rxf4 30. h3 Rd4 31. Kh2 Rxd5 32. Rxb7 Rd1 33. Bb5 Ra5 34. Bc6 Ra8 35. Bxf3 Rd2 36. Kg3 Rf8 37. Kg2 Rd3 38. Bc6 d5 39. Rgd7 Be4+ 40. f3 Rdxf3 41. Bxd5 Rf2+ 42. Kg3 Rg2+ 43. Kh4 Rf4+ 0-1

[Event "op, Groningen NED"]
[Site "Groningen"]
[Date "1995.??.??"]
[Round "?"]
[White "Filippov, V."]
[Black "Pomes, J."]
[Result "1-0"]
[WhiteElo "2510"]
[BlackElo "2425"]
[PlyCount "79"]
[EventDate "1995.??.??"]
[Source "www.chesslib.no"]
[SourceDate "2004.05.04"]

1. Nf3 e6 2. c4 f5 3. g3 Nf6 4. Bg2 Be7 5. O-O O-O 6. Nc3 d6 7. d4 a5 8. Qc2 Nc6 9. a3 e5 10. d5 Nb8 11. e4 Nh5 12. Qe2 Qe8 13. Nb5 Na6 14. b4 f4 15. Ne1 g5 16. Nd3 Qg6 17. g4 Nf6 18. f3 c6 19. Nc3 Nc7 20. Bb2 cxd5 21. cxd5 Bd7 22. Rfc1 Rfc8 23. Bf1 Bd8 24. Qf2 Qe8 25. Kh1 axb4 26. Nxb4 Na6 27. Nxa6 bxa6 28. Nd1 Rcb8 29. h4 h6 30. Bc3 Bb6 31. Qh2 Kg7 32. Nb2 Be3 33. Rc2 Ba4 34. Nxa4 Qxa4 35. Bb4 Rxb4 36. Rc7+ Kg8 37. hxg5 Ne8 38. Re7 Ra7 39. axb4 Rxe7 40. Rxa4 1-0

[Event "Wildbad"]
[Site "?"]
[Date "1991.??.??"]
[Round "?"]
[White "Pavlovic, M."]
[Black "Naumkin, I."]
[Result "0-1"]
[WhiteElo "2440"]
[BlackElo "2490"]
[PlyCount "104"]
[EventDate "1991.??.??"]
[Source "ChessBase"]
[SourceDate "1991.10.01"]

1. d4 e6 2. c4 f5 3. g3 Nf6 4. Bg2 Be7 5. Nf3 O-O 6. O-O d6 7. Nc3 a5 8. Qd3 Nc6 9. e4 Nb4 10. Qe2 fxe4 11. Nxe4 Nxe4 12. Qxe4 e5 13. dxe5 Bf5 14. Qxb7 Rb8 15. Qa7 Bd3 16. Re1 Nc2 17. exd6 Bxd6 18. Bg5 Qd7 19. c5 Nxe1 20. Rxe1 Ra8 21. Qb7 Bxc5 22. Ne5 Bxf2+ 23. Kh1 Qf5 24. Qd5+ Kh8 25. Nxd3 Bxe1 26. Qxf5 Rxf5 27. Bxa8 Rxg5 28. Nxe1 Re5 29. Nf3 Re2 30. a4 Rxb2 31. Bc6 Rc2 32. Ne5 Rc5 33. Nf7+ Kg8 34. Nd8 Rc2 35. Bd5+ Kf8 36. Ne6+ Ke7 37. Nxg7 Kf6 38. Ne6 c6 39. Bb3 Rc3 40. Nd8 Ke7 41. Nxc6+ Rxc6 42. Kg2 Rb6 43. Bd5 Kd6 44. Bf7 Rb2+ 45. Kh3 Re2 46. Bc4 Re4 47. Bb5 Rb4 48. Be8 Rb8 49. Bf7 Ke5 50. g4 Kf6 51. Bd5 Rb4 52. Bc6 Kg5 0-1

[Event "First Saturday GM - Settembre 2008"]
[Site "Budapest UNG"]
[Date "2008.09.10"]
[Round "5"]
[White "Ilincic, Zlatko"]
[Black "Grafl, Florian"]
[Result "1-0"]
[WhiteElo "2519"]
[BlackElo "2404"]
[PlyCount "51"]
[EventDate "2008.09.06"]
[Source "www.chesslib.no"]
[SourceDate "2004.05.04"]

1. d4 f5 2. Nf3 Nf6 3. g3 e6 4. Bg2 Be7 5. O-O O-O 6. c4 d6 7. Nc3 Ne4 8. Qd3 Nxc3 9. Qxc3 a5 10. Re1 Bf6 11. e4 fxe4 12. Rxe4 c5 13. Be3 Nc6 14. Rd1 d5 15. Rf4 g5 16. Rxf6 Qxf6 17. Bxg5 Qg6 18. Bf4 Qh5 19. dxc5 d4 20. Rxd4 Nxd4 21. Qxd4 e5 22. Qd5+ Qf7 23. Nxe5 Qxd5 24. cxd5 Bf5 25. d6 Rac8 26. Be3 1-0

[Event "Montecatini Terme ITA"]
[Site "?"]
[Date "1997.??.??"]
[Round "3"]
[White "Greenfeld Alon"]
[Black "Bellin Robert"]
[Result "1-0"]
[WhiteElo "2520"]
[BlackElo "2400"]
[PlyCount "53"]
[EventDate "1997.??.??"]
[Source "www.chesslib.no"]
[SourceDate "2004.05.04"]

1. d4 e6 2. Nf3 f5 3. g3 Nf6 4. Bg2 Be7 5. O-O O-O 6. c4 d6 7. Nc3 g6 8. Re1 Ne4 9. Nd2 Nxc3 10. bxc3 e5 11. e4 Nc6 12. exf5 Bxf5 13. Nf1 Bf6 14. Ne3 Bd7 15. Rb1 Rb8 16. Bb2 Kh8 17. Qd2 Bg5 18. h4 Bh6 19. Qe2 Bxe3 20. Qxe3 Qf6 21. c5 Bf5 22. Rbc1 exd4 23. cxd4 Nb4 24. cxd6 cxd6 25. Red1 Nd3 26. Rb1 Nb4 27. d5 1-0

[Event "GBR-ch"]
[Site "Scarborough"]
[Date "2004.08.05"]
[Round "4"]
[White "Ward, Christopher"]
[Black "Williams, Simon"]
[Result "0-1"]
[WhiteElo "2490"]
[BlackElo "2427"]
[PlyCount "128"]
[EventDate "2004.08.02"]
[Source "Roberto Alvarez"]
[SourceDate "2004.08.24"]

1. d4 e6 2. Nf3 f5 3. g3 Nf6 4. Bg2 Be7 5. O-O O-O 6. c4 d6 7. Nc3 Ne4 8. Qc2 Nxc3 9. Qxc3 a5 10. a3 Nc6 11. d5 Bf6 12. Qc2 Ne7 13. dxe6 Bxe6 14. Ng5 Bc8 15. Rd1 Qe8 16. c5 d5 17. Bf4 c6 18. Nf3 Ng6 19. Bd6 Be7 20. Bxe7 Qxe7 21. e3 Nh8 22. Qc3 g5 23. h4 h6 24. hxg5 hxg5 25. Rd4 Ng6 26. Ra4 f4 27. exf4 gxf4 28. Re1 Qg7 29. Qxg7+ Kxg7 30. Nd4 Bd7 31. Bf3 Kf6 32. Nb3 Bf5 33. Rxa5 Ne5 34. Be2 Rae8 35. Rc1 f3 36. Bf1 Rh8 37. Ra4 Rh7 38. Nd2 Reh8 39. Rh4 Rxh4 40. gxh4 Rxh4 41. Rc3 Be4 42. Rb3 Rh7 43. a4 Rg7+ 44. Kh2 Rh7+ 45. Kg1 Kf5 46. a5 Kf4 47. a6 Rg7+ 48. Kh1 Rh7+ 49. Kg1 Rg7+ 50. Kh1 bxa6 51. Rb8 Rh7+ 52. Kg1 a5 53. Ba6 Rg7+ 54. Kf1 Nd7 55. Rc8 Nxc5 56. Nxe4 dxe4 57. Rxc6 Nxa6 58. Rf6+ Kg4 59. Rxa6 Rc7 60. Ke1 Rc1+ 61. Kd2 Rf1 62. Ke3 Re1+ 63. Kd4 e3 64. Rg6+ Kh5 0-1

[Event "Baden Baden op"]
[Site "Baden Baden"]
[Date "1993.??.??"]
[Round "7"]
[White "Lentrodt, T."]
[Black "Krasenkow, M."]
[Result "0-1"]
[WhiteElo "2320"]
[BlackElo "2595"]
[PlyCount "74"]
[EventDate "1993.??.??"]
[Source "www.chesslib.no"]
[SourceDate "2004.05.04"]

1. Nf3 e6 2. d4 f5 3. g3 Nf6 4. Bg2 Be7 5. O-O O-O 6. c4 d6 7. b3 Qe8 8. Nbd2 a5 9. Qc2 Nc6 10. Bb2 Qh5 11. a3 Bd7 12. e4 e5 13. dxe5 dxe5 14. exf5 Bxf5 15. Qc3 Bc5 16. Rae1 Rad8 17. Rxe5 Nxe5 18. Qxe5 Bd3 19. Qxh5 Nxh5 20. Re1 Nf6 21. h3 Bc2 22. Re2 Bd1 23. Re5 b6 24. Re1 Bxf3 25. Nxf3 Rd3 26. Be5 Rxb3 27. Bxc7 Rxa3 28. Ng5 Ra2 29. Re5 Bxf2+ 30. Kh2 h6 31. Ne6 Re8 32. g4 Nd7 33. Rf5 Be3 34. Nd8 Bd4 35. Kg3 Re3+ 36. Bf3 Be5+ 37. Bxe5 Nxe5 0-1

[Event "Brussels zt"]
[Site "Brussels"]
[Date "1993.??.??"]
[Round "5"]
[White "Hartoch, Robert G"]
[Black "Vaisser, Anatoli"]
[Result "0-1"]
[WhiteElo "2355"]
[BlackElo "2555"]
[PlyCount "108"]
[EventDate "1993.04.??"]
[Source "ChessBase"]

1. Nf3 f5 2. g3 Nf6 3. Bg2 d6 4. d4 e6 5. O-O Be7 6. c4 O-O 7. Nc3 a5 8. Bg5 Nbd7 9. Qc2 Ng4 10. Bxe7 Qxe7 11. e4 f4 12. h3 Nh6 13. g4 Nf7 14. e5 dxe5 15. dxe5 Ndxe5 16. Nxe5 Nxe5 17. Qe4 Ng6 18. Rfd1 e5 19. Rd3 c6 20. Rad1 Be6 21. b3 Qg5 22. f3 Qe7 23. Qe2 a4 24. Ne4 axb3 25. axb3 Rfd8 26. Bf1 Rxd3 27. Qxd3 Nf8 28. Qc3 Bf7 29. Bd3 Bg6 30. Nf2 Qh4 31. Qxe5 Qg3+ 32. Kf1 Re8 33. Qb2 Qxf3 34. Bxg6 hxg6 35. Rd3 Re3 36. Qd2 Rxd3 37. Qxd3 Qxd3+ 38. Nxd3 Ne6 39. Kf2 g5 40. Kf3 Nd4+ 41. Ke4 Nxb3 42. Kf5 f3 43. Kxg5 b5 44. cxb5 cxb5 45. Kf4 Nc5 46. Nf2 b4 47. Kxf3 b3 48. Nd1 Na4 49. g5 b2 50. Nxb2 Nxb2 51. Kg4 Kf7 52. Kf5 Nc4 53. g6+ Ke7 54. h4 Nd6+ 0-1

[Event "ROM Team Ch"]
[Site "Romania"]
[Date "1993.??.??"]
[Round "1"]
[White "Gheorghiu, Florin"]
[Black "Lupu, Mircea-Sergiu"]
[Result "1/2-1/2"]
[WhiteElo "2475"]
[BlackElo "2435"]
[PlyCount "25"]
[EventDate "1993.??.??"]
[Source "www.chesslib.no"]
[SourceDate "2004.05.04"]

1. c4 e6 2. Nf3 f5 3. g3 Nf6 4. Bg2 Be7 5. d4 O-O 6. O-O d6 7. Nc3 a5 8. Qc2 Qe8 9. e4 fxe4 10. Nxe4 Qh5 11. Nxf6+ Bxf6 12. Be3 Nc6 13. Qd2 1/2-1/2

[Event "Tenkes Kupa"]
[Site "Harkany"]
[Date "1993.??.??"]
[Round "5"]
[White "Wells, Peter K"]
[Black "Totsky, Leonid"]
[Result "1/2-1/2"]
[WhiteElo "2485"]
[BlackElo "2425"]
[PlyCount "61"]
[EventDate "1993.11.??"]
[Source "www.chesslib.no"]
[SourceDate "2004.05.04"]

1. d4 e6 2. c4 f5 3. g3 Nf6 4. Bg2 Be7 5. Nf3 d6 6. O-O O-O 7. b4 Ne4 8. Bb2 Bf6 9. Nbd2 c6 10. a4 Nd7 11. b5 a6 12. Qc2 Nxd2 13. Nxd2 axb5 14. axb5 Rxa1 15. Rxa1 cxb5 16. cxb5 d5 17. e3 Be7 18. Qb3 Nf6 19. Nf3 Bd6 20. Ne5 Ne4 21. Bxe4 fxe4 22. Ba3 Bxa3 23. Qxa3 Qf6 24. Qb2 Qe7 25. Rc1 Qd6 26. b6 Bd7 27. Rc7 Ba4 28. Rxb7 Bd1 29. Rd7 Qb8 30. b7 Qa7 31. Nc6 1/2-1/2

[Event "Mind Sports Games - Blitz Ind w"]
[Site "Pechino CINA"]
[Date "2008.10.04"]
[Round "10"]
[White "Li Ruofan"]
[Black "Hoang Thanh Trang"]
[Result "1-0"]
[WhiteElo "2426"]
[BlackElo "2483"]
[PlyCount "75"]
[EventDate "2008.10.04"]
[Source "www.chesslib.no"]
[SourceDate "2004.05.04"]

1. d4 e6 2. c4 f5 3. g3 Nf6 4. Bg2 Be7 5. Nf3 O-O 6. O-O d6 7. Nbd2 Ne4 8. Qc2 d5 9. Ne5 Bf6 10. Ndf3 c6 11. Nd3 b6 12. cxd5 exd5 13. Bf4 Bb7 14. Bxb8 Rxb8 15. Nfe5 Rc8 16. Rad1 Qd6 17. f3 Ng5 18. h4 Ne6 19. e3 g6 20. Qf2 c5 21. f4 c4 22. Nc1 b5 23. h5 Kg7 24. Bf3 b4 25. g4 fxg4 26. Bxg4 Rce8 27. Qg3 g5 28. Bxe6 Qxe6 29. h6+ Kh8 30. Rd2 gxf4 31. Qxf4 Rg8+ 32. Rg2 Bxe5 33. dxe5 Rxg2+ 34. Kxg2 Rg8+ 35. Kh2 d4 36. e4 d3 37. Rf2 Qe8 38. Qf6+ 1-0

[Event "Open"]
[Site "Montpellier"]
[Date "2003.??.??"]
[Round "2.4"]
[White "Flear, Glenn C"]
[Black "Williams, Simon"]
[Result "1-0"]
[WhiteElo "2527"]
[BlackElo "2381"]
[PlyCount "56"]
[EventDate "2003.07.07"]
[Source "Roberto Alvarez"]
[SourceDate "2003.08.04"]

1. d4 e6 2. c4 f5 3. g3 Nf6 4. Bg2 Be7 5. Nf3 O-O 6. O-O d6 7. b4 Qe8 8. Bb2 Nc6 9. b5 Nd8 10. Nbd2 b6 11. Ne1 Bb7 12. Bxb7 Nxb7 13. e3 e5 14. Qf3 Qc8 15. dxe5 dxe5 16. Bxe5 Rd8 17. Nb3 Ne4 18. Nc2 Qe6 19. Bxc7 Re8 20. Ncd4 Qf6 21. Qxf5 Qxf5 22. Nxf5 g6 23. Nfd4 Bf6 24. g4 Rac8 25. Bg3 Rxc4 26. Rac1 Nc3 27. Rc2 Rec8 28. Kg2 Nc5 1-0

[Event "Hengelo NED, Young Masters 05"]
[Site "?"]
[Date "2005.08.09"]
[Round "4"]
[White "Nyback Tomi"]
[Black "Koster Ramon"]
[Result "1-0"]
[WhiteElo "2571"]
[BlackElo "2335"]
[PlyCount "129"]
[EventDate "2005.??.??"]
[Source "www.chesslib.no"]
[SourceDate "2004.05.04"]

1. d4 e6 2. c4 f5 3. g3 Nf6 4. Bg2 Be7 5. Nf3 O-O 6. O-O d6 7. Nc3 Ne4 8. Qd3 Nxc3 9. bxc3 Nc6 10. e4 e5 11. dxe5 dxe5 12. Qd5+ Kh8 13. exf5 Bxf5 14. Be3 Qe8 15. Rfe1 Bf6 16. Qb5 e4 17. Nd4 Nxd4 18. Bxd4 b6 19. Rad1 c5 20. Bxf6 Rxf6 21. Rd5 Qf7 22. Qb2 Rf8 23. Qd2 Be6 24. Rd8 Bxc4 25. Rd7 Qh5 26. Rxe4 Bg8 27. f4 R6f7 28. Ree7 Rxe7 29. Rxe7 Rb8 30. Qd6 Rf8 31. a3 h6 32. h3 Qf5 33. Kh2 Rf6 34. Qb8 Rf8 35. Qd6 Rf6 36. Qc7 Rf7 37. Qxa7 Rxe7 38. Qxe7 Qc2 39. Qe5 Bc4 40. g4 Bf1 41. Qe8+ Kh7 42. Qe4+ Qxe4 43. Bxe4+ Kg8 44. Kg3 Kf7 45. h4 Be2 46. f5 Ke7 47. Kf4 Kd6 48. Bc2 Kd5 49. Bb3+ Kd6 50. g5 Bd3 51. Bd1 hxg5+ 52. hxg5 Bb1 53. Bg4 Ba2 54. Bh5 Bb1 55. Bf7 Ke7 56. Bg8 Kd6 57. f6 g6 58. Bc4 Bc2 59. f7 Ke7 60. Ke5 Ba4 61. f8=Q+ Kxf8 62. Kf6 Bc2 63. Bf7 b5 64. Bxg6 Bb3 65. Bd3 1-0

[Event "Hilton Premier"]
[Site "Blackpool"]
[Date "2003.08.04"]
[Round "2"]
[White "Kunte, Abhijit"]
[Black "Hanley, Craig"]
[Result "1-0"]
[WhiteElo "2515"]
[BlackElo "2387"]
[PlyCount "49"]
[EventDate "2003.08.04"]
[Source "Roberto Alvarez"]
[SourceDate "2003.08.18"]

1. d4 e6 2. c4 f5 3. g3 Nf6 4. Bg2 Be7 5. Nf3 O-O 6. O-O d6 7. b4 Ne4 8. Qc2 Bf6 9. Bb2 a5 10. b5 a4 11. a3 Qe8 12. Nc3 Nxc3 13. Bxc3 e5 14. dxe5 dxe5 15. e4 f4 16. gxf4 exf4 17. e5 Be7 18. e6 c6 19. Rfe1 cxb5 20. cxb5 Qxb5 21. Re5 Qb3 22. Qd3 Rd8 23. Nd4 Nc6 24. Bxc6 bxc6 25. Rh5 1-0

[Event "Belavenets Memorial Open"]
[Site "Smolensk RUS"]
[Date "1991.??.??"]
[Round "?"]
[White "Arbakov, Valentin"]
[Black "Shtyrenkov, Veniamen"]
[Result "1-0"]
[WhiteElo "2485"]
[BlackElo "2415"]
[PlyCount "93"]
[EventDate "1991.??.??"]
[Source "www.chesslib.no"]
[SourceDate "2004.05.04"]

1. c4 f5 2. d4 Nf6 3. g3 e6 4. Bg2 Be7 5. Nf3 d6 6. O-O O-O 7. b4 e5 8. dxe5 dxe5 9. Nxe5 Qxd1 10. Rxd1 Bxb4 11. Nd3 Be7 12. Nc3 c6 13. Rb1 Na6 14. Bf4 Nd7 15. Na4 Re8 16. Kf1 Nf6 17. Nc3 Bf8 18. h4 Ne4 19. Rdc1 Nac5 20. Nxe4 fxe4 21. Nxc5 Bxc5 22. Rb3 b6 23. Be3 Bxe3 24. Rxe3 Bf5 25. c5 b5 26. g4 Bxg4 27. Rxe4 Be6 28. a3 a5 29. Rd4 Rac8 30. f4 Bc4 31. Be4 Re7 32. Rc2 g6 33. Kf2 Re6 34. Bf3 Rce8 35. e4 h6 36. Rc1 Kf8 37. Rg1 Ba2 38. e5 Rb8 39. Rd6 b4 40. axb4 axb4 41. Bxc6 Rc8 42. Bd7 Rxd6 43. cxd6 Rc2+ 44. Ke3 Kf7 45. h5 g5 46. fxg5 hxg5 47. e6+ 1-0

[Event "Campionato europeo fem 2007"]
[Site "Dresda GER"]
[Date "2007.04.12"]
[Round "9.3"]
[White "Danielian, Elina"]
[Black "Hoang, Thanh Trang"]
[Result "1/2-1/2"]
[WhiteElo "2424"]
[BlackElo "2472"]
[PlyCount "47"]
[EventDate "2007.04.03"]
[Source "www.chesslib.no"]
[SourceDate "2004.05.04"]

1. d4 e6 2. Nf3 f5 3. g3 Nf6 4. Bg2 Be7 5. O-O O-O 6. c4 d6 7. Nc3 Ne4 8. Qb3 Nc6 9. d5 Na5 10. Qc2 Nxc3 11. Qxc3 c5 12. dxc6 Nxc6 13. Rd1 Qc7 14. Be3 e5 15. c5 dxc5 16. Bxc5 e4 17. Nd4 Nxd4 18. Bxd4 Qxc3 19. Bxc3 Be6 20. f3 Bc5+ 21. Kh1 exf3 22. Bxf3 Rf7 23. Kg2 Re8 24. Rd2 1/2-1/2

[Event "Smolensk op"]
[Site "Smolensk"]
[Date "1991.??.??"]
[Round "?"]
[White "Arbakov, Valentin"]
[Black "Stirenkov, Veniami"]
[Result "1-0"]
[WhiteElo "2450"]
[BlackElo "2440"]
[PlyCount "89"]
[EventDate "1991.??.??"]
[Source "www.chesslib.no"]
[SourceDate "2004.05.04"]

1. c4 f5 2. d4 Nf6 3. g3 e6 4. Bg2 Be7 5. Nf3 d6 6. O-O O-O 7. b4 e5 8. dxe5 dxe5 9. Nxe5 Qxd1 10. Rxd1 Bxb4 11. Nd3 Be7 12. Nc3 c6 13. Rb1 Na6 14. Bf4 Nd7 15. Na4 Re8 16. Kf1 Nf6 17. Nc3 Bf8 18. h4 Ne4 19. Rdc1 Nac5 20. Nxe4 fxe4 21. Nxc5 Bxc5 22. Rb3 b6 23. Be3 Bxe3 24. Rxe3 Bf5 25. c5 b5 26. g4 Bxg4 27. Rxe4 Be6 28. a3 a5 29. Rd4 Rac8 30. f4 Bc4 31. Rc2 g6 32. Kf2 Re6 33. e4 h6 34. Rc1 Kf8 35. Rg1 Ba2 36. e5 Rb8 37. Rd6 b4 38. axb4 axb4 39. Bxc6 Rc8 40. Bd7 Rxd6 41. cxd6 Rc2+ 42. Ke3 Kf7 43. h5 g5 44. fxg5 hxg5 45. e6+ 1-0

[Event "Open"]
[Site "San Sebastian op"]
[Date "1995.??.??"]
[Round "5"]
[White "San Segundo Carrillo, Pablo"]
[Black "Pomes Marcet, Juan"]
[Result "1-0"]
[WhiteElo "2480"]
[BlackElo "2410"]
[PlyCount "59"]
[EventDate "1995.??.??"]
[Source "www.chesslib.no"]
[SourceDate "2004.05.04"]

1. d4 e6 2. c4 f5 3. Nf3 Nf6 4. Nc3 Be7 5. g3 d6 6. Bg2 O-O 7. O-O a5 8. Re1 Ne4 9. Qc2 Nxc3 10. Qxc3 Bf6 11. Qc2 Nc6 12. Rd1 Qe7 13. d5 Nb4 14. Qd2 exd5 15. cxd5 Bd7 16. e3 Ba4 17. Rf1 Bb5 18. Rd1 Ba4 19. Rf1 Rfe8 20. a3 Bb3 21. Qc2 Qf8 22. a4 Ra7 23. Ne5 Bxc2 24. b3 Bd3 25. Bh3 Kh8 26. Nxd3 Re4 27. Rd1 c6 28. Ra3 b6 29. Ne5 cxd5 30. Nc4 1-0